Tilastot visalle Sanat - ”Missä vaan” - Neljä Ruusua

Klikkaa tästä pelataksesi tätä visaa!

Yleistilastot

  • Tätä visaa on pelattu 50 kertaa
  • Keskiarvotulos 59 / 92

Vastaustilastot

Sanat% Oikein
missä
98%
missä
98%
missä
98%
missä
98%
missä
98%
vaan
98%
vaan
98%
vaan
98%
vaan
98%
vaan
98%
vaan
98%
rakastellaan
80%
rakastellaan
80%
rakastellaan
80%
rakastellaan
80%
rakastellaan
80%
Rakastellaan
80%
Rakastellaan
80%
järvien...
78%
järvien...
78%
järvien,
78%
järvien,
78%
rannoilla
78%
rannoilla
78%
rannoilla
78%
rannoilla
78%
Kun
76%
jokien,
71%
jokien
71%
tai
71%
tai
71%
tai
71%
tai
71%
68%
metsien,
68%
metsien,
68%
metsien,
68%
metsien,
68%
katveessa
66%
katveessa
66%
niittyjen,
66%
niittyjen,
66%
Suojissa
66%
Suojissa
66%
Suojissa
66%
Suojissa
66%
mennään
63%
kesä
61%
kuun
61%
kuun
61%
minne
61%
pensaiden
61%
pensaiden
61%
taas
61%
auringon
59%
auringon
59%
ei
59%
loisteessa
59%
loisteessa
59%
nurmilla
59%
nurmilla
59%
uomissa
59%
uomissa
59%
koittaa
56%
kuljetaan
56%
puun
56%
puun
56%
jaloin
54%
paljain
54%
sua
54%
niin
51%
En
49%
voi
49%
olla
46%
haluan
44%
kaikkialla
44%
koko
44%
kukoistaa
44%
kauneuden
41%
riisuttiin
39%
vaatteet
39%
kitaraa
37%
näppäilen
37%
nukahtaa
34%
parempaa
34%
korvissani
32%
kuumuuden
32%
malta
32%
sävel
32%
soi
32%
Huumassa
29%
näin
27%

Tulosjakauma

Persentiili vastausten määrän mukaan

Jokaisen tuloksen saaneiden osuus

Tuloshistoriasi

Et ole pelannut tätä visaa